000 00455nam a2200133Ia 4500
008 100328s9999 xx 000 0 und d
082 _b32061
100 _aवरेरकर भार्गवराम विठ्ठल
245 _aसत्तेचे गुलाम
260 _bबॉम्बे बुक डेपो
630 _aसत्तेचे गुलाम
730 _aसत्तेचे गुलाम
942 _cBOOK
999 _c522867
_d522864